[Event "Krefeld Easter op"]
[Site "Krefeld"]
[Date "2025.04.19"]
[Round "4"]
[White "Krugmann, Alexander"]
[Black "Wehr, Jan"]
[Result "0-1"]
[WhiteElo "1513"]
[BlackElo "1762"]
[PlyCount "98"]
[EventDate "2025.04.17"]
[EventType "swiss"]
[EventRounds "9"]
[EventCountry "GER"]
[SourceTitle "CB17_2025"]
[SourceDate "2025.04.23"]
[SourceVersion "1"]
[SourceVersionDate "2025.04.23"]
[SourceQuality "1"]

1. e4 d6 2. d4 Nf6 3. Nc3 c6 4. Nf3 Bg4 5. Be2 e6 6. Bg5 Be7 7. e5 Nd5 8. Bxe7 Qxe7 9. Nxd5 cxd5 10. exd6 Qxd6 11. c3 0-0 12. Qb3 Qc7 13. 0-0 Nc6 14. h3 Bf5 15. Qd1 Rab8 16. Bd3 Bxd3 17. Qxd3 b5 18. a3 a5 19. Rab1 b4 20. Ng5 g6 21. Qg3 Qxg3 22. fxg3 bxc3 23. bxc3 a4 24. Nf3 Rfc8 25. Rfc1 Na5 26. Nd2 Rxb1 27. Nxb1 Nc4 28. Rd1 Rb8 29. Kf2 Rb3 30. Ke2 Nxa3 31. Nxa3 Rxa3 32. Kd3 Ra2 33. Rd2 Rxd2+ 34. Kxd2 Kg7 35. Kc2 Kf6 36. Kb2 Kf5 37. Ka3 h5 38. Kxa4 Ke4 39. Kb3 f6 40. c4 dxc4+ 41. Kxc4 Ke3 42. d5 exd5+ 43. Kxd5 Kf2 44. Ke6 f5 45. Kf6 Kxg3 46. Kxg6 Kxg2 47. Kxf5 Kxh3 48. Kg5 h4 49. Kf4 Kg2 0-1

[Event "Krefeld Easter op"]
[Site "Krefeld"]
[Date "2025.04.18"]
[Round "3"]
[White "Wehr, Jan"]
[Black "Jahn, Thomas"]
[Result "0-1"]
[WhiteElo "1762"]
[BlackElo "2106"]
[PlyCount "40"]
[EventDate "2025.04.17"]
[EventType "swiss"]
[EventRounds "9"]
[EventCountry "GER"]
[SourceTitle "CB17_2025"]
[SourceDate "2025.04.23"]
[SourceVersion "1"]
[SourceVersionDate "2025.04.23"]
[SourceQuality "1"]

1. c4 e5 2. g3 Nf6 3. Bg2 d5 4. cxd5 Nxd5 5. Nc3 Nb6 6. Nf3 Nc6 7. 0-0 Be7 8. d4 exd4 9. Nb5 Bf6 10. Bf4 Nd5 11. Nbxd4 Nxd4 12. Nxd4 Nxf4 13. Qa4+ Qd7 14. Qxd7+ Bxd7 15. gxf4 Bxd4 16. Bxb7 Rb8 17. Rfd1 Bxf2+ 18. Kxf2 Rxb7 19. Rd2 Be6 20. Rad1 0-0 0-1

[Event "Krefeld Easter op"]
[Site "Krefeld"]
[Date "2025.04.17"]
[Round "1"]
[White "Wehr, Jan"]
[Black "Annak, Ulas"]
[Result "0-1"]
[WhiteElo "1762"]
[BlackElo "2075"]
[PlyCount "186"]
[EventDate "2025.04.17"]
[EventType "swiss"]
[EventRounds "9"]
[EventCountry "GER"]
[SourceTitle "CB17_2025"]
[SourceDate "2025.04.23"]
[SourceVersion "1"]
[SourceVersionDate "2025.04.23"]
[SourceQuality "1"]

1. Nf3 d5 2. g3 Nf6 3. Bg2 c5 4. 0-0 Nc6 5. d4 cxd4 6. Nxd4 Qb6 7. Nxc6 bxc6 8. c4 Ba6 9. cxd5 cxd5 10. Nc3 e6 11. Qa4+ Nd7 12. Be3 Qb7 13. Rfd1 Rc8 14. Nxd5 exd5 15. Rxd5 Rc4 16. Re5+ Kd8 17. Qxc4 Bxc4 18. Bxb7 Nxe5 19. Bxa7 Bd6 20. Bb6+ Ke7 21. Bd4 Rb8 22. Be4 g6 23. f4 Nd7 24. Bf3 Rc8 25. a4 Bc5 26. Bxc5+ Rxc5 27. b4 Rc7 28. Rc1 Kd8 29. b5 Rc5 30. Rc3 Kc7 31. Kf2 Kb6 32. Bc6 Nf6 33. a5+ Kxa5 34. Ra3+ Kb4 35. Ra7 Be6 36. Kf3 Rc2 37. Ke3 Kc5 38. Rc7 Kb6 39. Rb7+ Kc5 40. Rc7 Kd6 41. Ra7 Rb2 42. Kd3 Nd5 43. e4 Nb4+ 44. Kc3 Rb3+ 45. Kd2 Nxc6 46. bxc6 Rb2+ 47. Ke3 Rxh2 48. f5 gxf5 49. exf5 Bxf5 50. Rxf7 Bg6 51. Ra7 Kxc6 52. Ra4 Kd6 53. Rb4 Ke5 54. Rb5+ Kf6 55. Rb6+ Kg5 56. Rb4 Ra2 57. Rd4 Ra3+ 58. Kf2 Ra5 59. Rb4 Bh5 60. Rb7 Ra2+ 61. Ke3 Bg6 62. Rb4 Bf5 63. Rd4 Ra5 64. Rb4 h6 65. Kf3 Re5 66. Rd4 Bg6 67. Rg4+ Kf6 68. Rh4 Bh5+ 69. g4 Bf7 70. Rxh6+ Kg5 71. Rh7 Bd5+ 72. Kg3 Re3+ 73. Kf2 Rf3+ 74. Ke2 Kxg4 75. Rg7+ Kh5 76. Re7 Rf5 77. Ke3 Kg5 78. Ra7 Kf6 79. Ra5 Ke5 80. Ra7 Rf3+ 81. Ke2 Rb3 82. Re7+ Kd4 83. Kf2 Rf3+ 84. Ke2 Rg3 85. Kf2 Rg2+ 86. Kf1 Rb2 87. Rd7 Ke4 88. Re7+ Kf4 89. Rd7 Be4 90. Rf7+ Ke3 91. Kg1 Rg2+ 92. Kf1 Rh2 93. Kg1 Rh1# 0-1

[Event "Duisburg Grossenbaum op"]
[Site "Duisburg"]
[Date "2005.05.16"]
[Round "6"]
[White "Wehr, Jan"]
[Black "Kipper, Siegfried"]
[Result "0-1"]
[WhiteElo "1385"]
[BlackElo "1778"]
[PlyCount "74"]
[EventDate "2005.05.13"]
[EventType "swiss"]
[EventRounds "7"]
[EventCountry "GER"]
[SourceTitle "EXT 2006"]
[Source "ChessBase"]
[SourceDate "2005.11.24"]
[SourceVersion "1"]
[SourceVersionDate "2005.11.24"]
[SourceQuality "1"]

1. Nf3 Nf6 2. g3 d5 3. Bg2 Bf5 4. 0-0 e6 5. d4 Nbd7 6. c4 c6 7. b3 h6 8. Nbd2 Be7 9. Bb2 0-0 10. Ne5 Rc8 11. Re1 Bb4 12. a3 Bxd2 13. Qxd2 dxc4 14. Nxc4 Nb6 15. Ne5 Ne4 16. Qd1 Qg5 17. Bc1 Qe7 18. a4 Rfd8 19. Ba3 Qg5 20. Bf3 c5 21. Rc1 Rxd4 22. Nd3 Nd7 23. Qc2 b6 24. Red1 e5 25. Bb2 Rd5 26. Qc4 Ndf6 27. Nxe5 Rxd1+ 28. Rxd1 Bg6 29. Bxe4 Nxe4 30. Rd7 Rf8 31. Nxf7 Rxf7 32. Rxf7 Bxf7 33. Qxe4 Bxb3 34. Qa8+ Kh7 35. Qxa7 Qg6 36. Be5 Qb1+ 37. Kg2 Qe4+ 0-1

[Event "Duisburg Grossenbaum op"]
[Site "Duisburg"]
[Date "2005.05.13"]
[Round "1"]
[White "Deinert, Wolfgang"]
[Black "Wehr, Jan"]
[Result "1/2-1/2"]
[WhiteElo "1955"]
[BlackElo "1385"]
[PlyCount "76"]
[EventDate "2005.05.13"]
[EventType "swiss"]
[EventRounds "7"]
[EventCountry "GER"]
[SourceTitle "EXT 2006"]
[Source "ChessBase"]
[SourceDate "2005.11.24"]
[SourceVersion "1"]
[SourceVersionDate "2005.11.24"]
[SourceQuality "1"]

1. e4 e6 2. d4 d5 3. Nc3 dxe4 4. Nxe4 Nd7 5. Nf3 Ngf6 6. Ng3 Be7 7. Bd3 0-0 8. 0-0 c5 9. c3 b6 10. Qc2 Bb7 11. Ng5 h6 12. N5e4 cxd4 13. cxd4 Nd5 14. a3 N7f6 15. Qe2 Rc8 16. Bd2 Qc7 17. Nxf6+ Nxf6 18. Rac1 Qb8 19. Nh5 Rxc1 20. Rxc1 Rd8 21. Bf4 Qa8 22. Be5 Nxh5 23. Qxh5 Bf8 24. Qg4 Rc8 25. Re1 Bd5 26. f3 Qc6 27. Ba6 Ra8 28. Bd3 Rc8 29. Bf4 Kh8 30. Ba6 Ra8 31. Bd3 Qd7 32. Qh5 Kg8 33. Rc1 Rc8 34. Rxc8 Qxc8 35. Qe5 Bc4 36. Qe4 Bxd3 37. Qxd3 Be7 38. Bd2 a6 1/2-1/2

[Event "Goch op 15th"]
[Site "Goch"]
[Date "2004.10.03"]
[Round "6"]
[White "Hoedemaekers, Hans"]
[Black "Wehr, Jan"]
[Result "1/2-1/2"]
[WhiteElo "1826"]
[BlackElo "1372"]
[PlyCount "38"]
[EventDate "2004.09.30"]
[EventType "swiss"]
[EventRounds "7"]
[EventCountry "GER"]
[SourceTitle "EXT 2006"]
[Source "ChessBase"]
[SourceDate "2005.11.24"]
[SourceVersion "1"]
[SourceVersionDate "2005.11.24"]
[SourceQuality "1"]

1. e4 Nf6 2. e5 Nd5 3. c4 Nb6 4. c5 Nd5 5. Nc3 c6 6. Nxd5 cxd5 7. d4 g6 8. Nf3 Bg7 9. Bd3 d6 10. cxd6 exd6 11. Bf4 Qa5+ 12. Bd2 Qb6 13. Bc3 Bg4 14. h3 Be6 15. 0-0 0-0 16. a3 dxe5 17. Nxe5 Nc6 18. Nxc6 Qxc6 19. Rc1 Qb6 1/2-1/2

[Event "Duisburg Grossenbaum op"]
[Site "Duisburg"]
[Date "2004.05.31"]
[Round "6"]
[White "Czybik, Nils Patrick"]
[Black "Wehr, Jan"]
[Result "1-0"]
[WhiteElo "1618"]
[BlackElo "1406"]
[PlyCount "49"]
[EventDate "2004.05.28"]
[EventType "swiss"]
[EventRounds "7"]
[EventCountry "GER"]
[SourceTitle "EXT 2006"]
[Source "ChessBase"]
[SourceDate "2005.11.24"]
[SourceVersion "1"]
[SourceVersionDate "2005.11.24"]
[SourceQuality "1"]

1. e4 e6 2. d4 d5 3. exd5 exd5 4. Bd3 Nc6 5. Ne2 Bd6 6. Nbc3 Nge7 7. f3 a6 8. Be3 Nb4 9. Nf4 Nxd3+ 10. Qxd3 Bf5 11. Qd2 Bb4 12. a3 Ba5 13. g4 Bg6 14. h4 h5 15. 0-0-0 hxg4 16. fxg4 Qd7 17. Nxg6 Nxg6 18. h5 Ne7 19. Rhg1 0-0-0 20. Qd3 Rde8 21. Kb1 c6 22. Na4 Bc7 23. Bf4 f6 24. Nc5 Qd8 25. Ne6 1-0

[Event "Duisburg Grossenbaum op"]
[Site "Duisburg"]
[Date "2004.05.28"]
[Round "1"]
[White "Gassmann, Volker"]
[Black "Wehr, Jan"]
[Result "1-0"]
[WhiteElo "2174"]
[BlackElo "1406"]
[PlyCount "45"]
[EventDate "2004.05.28"]
[EventType "swiss"]
[EventRounds "7"]
[EventCountry "GER"]
[SourceTitle "EXT 2006"]
[Source "ChessBase"]
[SourceDate "2005.11.24"]
[SourceVersion "1"]
[SourceVersionDate "2005.11.24"]
[SourceQuality "1"]

1. d4 Nf6 2. c4 e6 3. Nc3 d5 4. Nf3 c6 5. cxd5 exd5 6. Bg5 Be7 7. e3 Bf5 8. Be2 Nbd7 9. 0-0 0-0 10. a3 h6 11. Bxf6 Nxf6 12. b4 a6 13. Na4 Nd7 14. Nc5 Nxc5 15. bxc5 b6 16. Ne5 Qc7 17. cxb6 Qxb6 18. Bg4 Bh7 19. Nd7 Qa7 20. Nxf8 Kxf8 21. Be2 c5 22. dxc5 Bxc5 23. Bd3 1-0

[Event "Goch op 14th"]
[Site "Goch"]
[Date "2003.10.04"]
[Round "5"]
[White "Van Gemert, Mark"]
[Black "Wehr, Jan"]
[Result "1/2-1/2"]
[WhiteElo "1500"]
[BlackElo "1333"]
[PlyCount "46"]
[EventDate "2003.10.02"]
[EventType "swiss"]
[EventRounds "7"]
[EventCountry "GER"]
[SourceTitle "EXT 2006"]
[Source "ChessBase"]
[SourceDate "2005.11.24"]
[SourceVersion "1"]
[SourceVersionDate "2005.11.24"]
[SourceQuality "1"]

1. e4 e6 2. d4 d5 3. exd5 exd5 4. Nf3 Bd6 5. Bg5 Nf6 6. c4 c6 7. c5 Be7 8. Bd3 0-0 9. 0-0 Bg4 10. Nbd2 Nbd7 11. Qc2 Re8 12. Bxf6 Nxf6 13. Ne5 Bh5 14. h3 Qc7 15. g4 Bg6 16. Bxg6 hxg6 17. Rae1 Nd7 18. Nxd7 Qxd7 19. Nf3 Bf6 20. Kg2 Rxe1 21. Rxe1 Re8 22. Qd2 Rxe1 23. Qxe1 Qe7 1/2-1/2